<?xml version="1.0" encoding="UTF-8"?>
<record
    xmlns:xsi="http://www.w3.org/2001/XMLSchema-instance"
    xsi:schemaLocation="http://www.loc.gov/MARC21/slim http://www.loc.gov/standards/marcxml/schema/MARC21slim.xsd"
    xmlns="http://www.loc.gov/MARC21/slim">

  <leader>00551nam a22001817a 4500</leader>
  <controlfield tag="005">20230925131812.0</controlfield>
  <datafield tag="010" ind1=" " ind2=" ">
    <subfield code="a">B-755810</subfield>
  </datafield>
  <datafield tag="020" ind1=" " ind2=" ">
    <subfield code="a">9789382657668</subfield>
  </datafield>
  <datafield tag="035" ind1=" " ind2=" ">
    <subfield code="a">B-755810</subfield>
  </datafield>
  <datafield tag="082" ind1=" " ind2=" ">
    <subfield code="2">2022</subfield>
  </datafield>
  <datafield tag="100" ind1=" " ind2=" ">
    <subfield code="a">CARROL , LEWIS </subfield>
    <subfield code="9">57382</subfield>
  </datafield>
  <datafield tag="245" ind1=" " ind2=" ">
    <subfield code="a">ALICE'S ADVENTURES IN WORLDLAND /</subfield>
    <subfield code="c">LEWIS CARROL </subfield>
  </datafield>
  <datafield tag="260" ind1=" " ind2=" ">
    <subfield code="a">NEW DELHI </subfield>
    <subfield code="b">VAIBHAV PUBLICATIONS </subfield>
    <subfield code="c">2022</subfield>
  </datafield>
  <datafield tag="270" ind1=" " ind2=" ">
    <subfield code="a">24/4806, ANSARI ROAD , DARYA GANJ </subfield>
    <subfield code="b">NEW DELHI </subfield>
    <subfield code="e">110002</subfield>
  </datafield>
  <datafield tag="300" ind1=" " ind2=" ">
    <subfield code="a">82P.</subfield>
    <subfield code="b">23CM(HB)</subfield>
  </datafield>
  <datafield tag="942" ind1=" " ind2=" ">
    <subfield code="2">ddc</subfield>
    <subfield code="c">EN</subfield>
    <subfield code="e">2022</subfield>
    <subfield code="h">N</subfield>
    <subfield code="m">ROL</subfield>
  </datafield>
  <datafield tag="999" ind1=" " ind2=" ">
    <subfield code="c">198537</subfield>
    <subfield code="d">198537</subfield>
  </datafield>
  <datafield tag="952" ind1=" " ind2=" ">
    <subfield code="0">0</subfield>
    <subfield code="1">0</subfield>
    <subfield code="4">0</subfield>
    <subfield code="7">0</subfield>
    <subfield code="8">FIC</subfield>
    <subfield code="a">AV</subfield>
    <subfield code="b">AV</subfield>
    <subfield code="d">2023-09-25</subfield>
    <subfield code="e">&#x909;&#x92A;&#x939;&#x93E;&#x930;/4.9.23</subfield>
    <subfield code="g">250.00</subfield>
    <subfield code="l">2</subfield>
    <subfield code="o">N ROL</subfield>
    <subfield code="p">B-755810</subfield>
    <subfield code="r">2026-03-06 00:00:00</subfield>
    <subfield code="s">2026-02-16</subfield>
    <subfield code="t">1</subfield>
    <subfield code="v">250.00</subfield>
    <subfield code="w">2023-09-25</subfield>
    <subfield code="y">EN</subfield>
  </datafield>
</record>
